00355nam a2200121Ia 4500008004100000082001700041100003100058245003400089260003600123365000600159630003400165730003400199100415s9999 xx 000 0 und d b6763a598.44 aStonehouse, Bernard (ed.) a" Tiger" The World Of Animals aU.S.Ac1968bARTHUR BARKER LTD. b0 a" Tiger" The World Of Animals a" Tiger" The World Of Animals